Distribution par images - Vous n'aurez pas l'Alsace et la Lorraine - Statistiques

Statistiques générales
  • Ce quiz a été pris 36 fois
  • Le résultat moyen est 7 sur 9
Statistiques - réponses
Par images Hint Réponse % Correct
Héraut d'armes Thierry Lhermitte
97%
Gros Pif 1er Coluche
94%
Capitaine des mousquetaires Gérard Jugnot
94%
Reine de Flandre Marie-Anne Chazel
81%
Lucienne Anémone
77%
Antremont Michel Blanc
77%
Madeleine Dominique Lavanant
61%
Chevalier blanc Gérard Lanvin
55%
Bouffon Martin Lamotte
52%
Aucun quiz correspondant
Distribution des résultats
% des personnes avec chaque résultat
Percentile par nombre de réponses
Votre historique - résultats
Vous n’avez pas pris ce quiz